Guía práctica de enfermería medicoquirúrgica  (Registro nro. 319946)

Detalles MARC
000 -ENCABEZADO
Número de control [NR] 01130 a2200301 4500
005 - FECHA Y HORA DE LA ÚLTIMA TRANSACCIÓN
control field 20210928151030.0
008 - DE LONGITUD FIJA DE DATOS DE ELEMENTOS - INFORMACIÓN GENERAL
Elementos de longitud fija [NR] 120830s2018 sp a|||gr|||| 00| 0 spa d
020 ## - NUMERO INTERNACIONAL NORMALIZADO PARA LIBROS [R]
Número Internacional Normalizado del libro [NR] 9788491132462
040 ## - FUENTE DE CATALOGACION [NR]
Agencia de catalogación original [NR] CO-BoUCM
Idioma de catalogación [NR] spa
Quien Cataloga Deissy Garcia
Quien Clasifica Deissy Garcia
041 0# - CODIGO DE IDIOMA [R]
Código de idioma para texto/pista de sonido o título separado [R] Español
060 ## - SIGNATURA TOPOGRAFICA DE LA BIBLIOTECA NACIONAL DE MEDICINA (NLM) [R]
Número clasificador [R] WY 161
100 1# - ASIENTO PRINCIPAL--NOMBRE PERSONAL [NR]
Nombre personal [NR] Lewis, Sharon L.
ID Autoridad 106435
245 ## - MENCION DE TITULO [NR]
Título [NR] Guía práctica de enfermería medicoquirúrgica 
Parte restante del título [NR] evaluación y abordaje de problemas clinicos
Mención de responsabilidad, etc. [NR] preparada por Debra Hagler, Sharon L. Lewis, Linda Bucher ... [y otros 4]
250 ## - MENCION DE EDICION [NR]
Mención de edición [NR] 10a.Ed.
260 ## - PUBLICACION, DISTRIBUCION, ETC. (PIE DE IMPRENTA) [R]
Lugar de publicación, distribución, etc. [R] Barcelona
Nombre del editor, distribuidor, etc. [R] Elsevier
Fecha de publicación, distribución, etc. [R] 2018
300 ## - DESCRIPCION FISICA [R]
Extensión [R] xiii, 814 páginas
Otros detalles físicos [NR] ilustraciones
504 ## - NOTA DE BIBLIOGRAFIA, ETC. [R]
Nota de bibliografía, etc. [NR] Incluye referencias bibliográficas
650 #7 - ASIENTO SECUNDARIO DE MATERIA - TERMINO TEMATICO [R]
9 (RLIN) 12365
Término temático o nombre geográfico como elemento de entrada [NR] Cuidados postoperatorios
Subdivisión de forma [R] Manuales
650 #7 - ASIENTO SECUNDARIO DE MATERIA - TERMINO TEMATICO [R]
9 (RLIN) 14510
Término temático o nombre geográfico como elemento de entrada [NR] Enfermería quirúrgica
650 #7 - ASIENTO SECUNDARIO DE MATERIA - TERMINO TEMATICO [R]
Término temático o nombre geográfico como elemento de entrada [NR] Cirugía
Subdivisión general [R] Cuidado del paciente
9 (RLIN) 106504
650 #7 - ASIENTO SECUNDARIO DE MATERIA - TERMINO TEMATICO [R]
Término temático o nombre geográfico como elemento de entrada [NR] Enfermería
9 (RLIN) 14489
700 1# - ASIENTO SECUNDARIO - NOMBRE PERSONAL [R]
9 (RLIN) 106502
Nombre personal [NR] Hagler, Debra
700 1# - ASIENTO SECUNDARIO - NOMBRE PERSONAL [R]
9 (RLIN) 106503
Nombre personal [NR] Bucher, Linda
700 1# - ASIENTO SECUNDARIO - NOMBRE PERSONAL [R]
Nombre personal [NR] Heitkemper, Margaret M.
9 (RLIN) 106505
700 1# - ASIENTO SECUNDARIO - NOMBRE PERSONAL [R]
Nombre personal [NR] Kwong, Jeffrey
9 (RLIN) 106506
700 1# - ASIENTO SECUNDARIO - NOMBRE PERSONAL [R]
Nombre personal [NR] Roberts, Dottie
9 (RLIN) 106507
942 ## - ELEMENTOS DE ENTRADA AGREGADOS (KOHA)
Tipo de ítem principal el descrito en 300a Libro
Sistema de clasificación NLM
Tema principal Ciencias de la salud
Edición 10
Clasificación WY 161
Parte restante de la signatura top. L673e
Título oculto en OPAC No
Existencias
Fecha de último préstamo Total préstamos Total Renewals Signatura topográfica Código de barras Última vez visto Ejemplar Costo de reposición Price effective from Tipo de ítem Perdido Sistema de clasificación Dañado No prestable Tipo de ítem específico Suprimido Ubicación habitual Ubicación actual Localización Fecha de creación Proveedor Forma de adquisición Costo
16/05/2023 3 2 WY 161 L673e 100168409 12/12/2025 Ej.1 171000.00 24/09/2021 Libro   NLM     Libro   Quinta de Mutis Quinta de Mutis 3er piso 24/09/2021 157 Compra 171000.00